Southville International School and Colleges
Your cart is empty.
  • Cart
  • Lists
    Public lists Eva Luna New books Lux_list list_1
    Your lists Log in to create your own lists
  • Log in to your account
  • Your cookies
  • Search history
Southville International School and Colleges
  • Advanced search
  • Recent comments
  • Most popular
  • Libraries

Log in to your account

Log in with GOOGLE


If you do not have an external account, but do have a local account, you can still log in:

  1. Home
  2. MARC view: Ecologia Filipina :
Normal view MARC view ISBD view

Ecologia Filipina : (Record no. 3190)

[ view plain ]
MARC details
000 -LEADER
fixed length control field 00580nam a22001937a 4500
003 - CONTROL NUMBER IDENTIFIER
control field OSt
005 - DATE AND TIME OF LATEST TRANSACTION
control field 20140310181750.0
008 - FIXED-LENGTH DATA ELEMENTS--GENERAL INFORMATION
fixed length control field 130626t xxu||||| |||| 00| 0 eng d
020 ## - INTERNATIONAL STANDARD BOOK NUMBER
International Standard Book Number 971918891X
050 ## - LIBRARY OF CONGRESS CALL NUMBER
Classification number GE 160
Item number .G216 1997
082 ## - DEWEY DECIMAL CLASSIFICATION NUMBER
Classification number FIL 030
Item number G165 1997
100 ## - MAIN ENTRY--PERSONAL NAME
Personal name Garcia, Maria Isabel O.
245 ## - TITLE STATEMENT
Title Ecologia Filipina :
Remainder of title the almanac /
Statement of responsibility, etc Maria Isabel O. Garcia.
260 ## - PUBLICATION, DISTRIBUTION, ETC. (IMPRINT)
Place of publication, distribution, etc Quezon City :
Name of publisher, distributor, etc Environmental Center of the Philippines Foundation,
Date of publication, distribution, etc 1997.
300 ## - PHYSICAL DESCRIPTION
Extent 257 p. :
Other physical details ill. col. ;
Dimensions 27 cm.
562 ## - COPY AND VERSION IDENTIFICATION NOTE
Number of copies 1
942 ## - ADDED ENTRY ELEMENTS (KOHA)
Source of classification or shelving scheme Library of Congress Classification
Koha item type Books
Call number prefix
Holdings
Withdrawn status Lost status Source of classification or shelving scheme Damaged status Home library Current library Shelving location Date acquired Total Checkouts Full call number Barcode Date last seen Copy number Price effective from Koha item type
    Library of Congress Classification   Luxembourg Library Luxembourg Library Filipiniana Section 06/26/2013   GE 160 .G216 1997 6638 08/13/2013 1 06/26/2013 Books

Ecologia Filipina :

APA

Garcia M. I. O., . (1997). Ecologia Filipina. Quezon City: Environmental Center of the Philippines Foundation.

Chicago

Garcia Maria Isabel O, . 1997. Ecologia Filipina. Quezon City: Environmental Center of the Philippines Foundation.

Harvard

Garcia M. I. O., . (1997). Ecologia Filipina. Quezon City: Environmental Center of the Philippines Foundation.

MLA

Garcia Maria Isabel O, . Ecologia Filipina. Quezon City: Environmental Center of the Philippines Foundation. 1997.

  • Place hold
  • Print
  • Cite
  • Add to your cart (remove)
  • Save record
    BIBTEX Dublin Core MARCXML MARC (non-Unicode/MARC-8) MARC (Unicode/UTF-8) MARC (Unicode/UTF-8, Standard) MODS (XML) RIS
  • More searches
    Search for this title in:
    Other Libraries (WorldCat) Other Databases (Google Scholar) Online Stores (Bookfinder.com) Open Library (openlibrary.org)

Exporting to Dublin Core...

SOUTHVILLE LIBRARY

Southville International School and Colleges Library

1281 Tropical Ave. Cor. Luxembourg St., BF Homes International, Las Pinas City

Tel. No. 8256374 / 252358 Loc. 117/146

Powered by Koha